| 000 | 01261nam0a22002891 4500 | ||
|---|---|---|---|
| 001 | rc\2570411 | ||
| 005 | 20250623112147.0 | ||
| 035 | _a(NLR Aleph) 006735161 | ||
| 090 |
_a5585770 _c5585770 |
||
| 100 | _a20110914d1928 |||y0rusy50 ca | ||
| 101 | 0 | _arus | |
| 102 | _aRU | ||
| 105 | _ay z ||||| | ||
| 200 | 1 |
_aИзучение налоговых объектов и методы обложения _fСоставили А. С. Бекаревич, П. В. Князев и Н. С. Приклонский _gС предисл. нач. Упр-ния госуд. налогами И. В. Попова |
|
| 205 | _a2-е изд., перераб. и расширенное | ||
| 210 |
_aМосква _cГос. финансовое изд-во Союза ССР _d1928 _g18 тип. "Мосполиграфа" им. М. И. Рогова |
||
| 215 |
_a234, [3] с., из них 1 на обл. _d20х14 см. |
||
| 300 | _aНа обл. дата: 1929 | ||
| 700 | 1 |
_aБекаревич _bА.С. _gАлександр Сафронович |
|
| 701 | 1 |
_aКнязев _bП.В. |
|
| 701 | 1 |
_aПриклонский _bН.С. |
|
| 702 | 1 |
_aПопов _bИ.В. _4080 |
|
| 801 | 0 |
_aRU _bNLR _gpsbo |
|
| 801 | 1 |
_aRU _bELAR _2rusmarc |
|
| 852 |
_aNLR _j58/671 |
||
| 942 | _cBOOK | ||
| 980 | _aNB | ||